[Event "BCF-chT3S 1415 (4NCL)"]
[Site "England"]
[Date "2015.02.15"]
[Round "6.99"]
[White "Carpenter, Dai"]
[Black "Gallagher, Daniel GH"]
[Result "0-1"]
[WhiteElo "1972"]
[BlackElo "1753"]
[PlyCount "70"]
[EventDate "2014.11.15"]
[EventType "team-swiss"]
[EventRounds "6"]
[EventCountry "ENG"]
[SourceTitle "EXT 2016"]
[Source "ChessBase"]
[SourceDate "2015.10.08"]
[SourceVersion "1"]
[SourceVersionDate "2015.10.08"]
[SourceQuality "1"]
[WhiteTeam "West is Best II"]
[BlackTeam "Check Us Out"]
[WhiteTeamCountry "ENG"]
[BlackTeamCountry "ENG"]

1. Nf3 c5 2. c4 Nf6 3. Nc3 Nc6 4. g3 g6 5. Bg2 Bg7 6. 0-0 0-0 7. d4 d6 8. d5 Na5 9. Qd3 a6 10. Rd1 Rb8 11. b3 Bf5 12. Qe3 b5 13. cxb5 axb5 14. Bb2 b4 15. Na4 Bd7 16. Ng5 Bxa4 17. bxa4 Nc4 18. Qb3 Nxb2 19. Rdb1 c4 20. Qxb2 Ne4 21. Qc1 Nxg5 22. Qxg5 Bxa1 23. Rxa1 e5 24. Qh6 c3 25. h4 Qe7 26. h5 Ra8 27. hxg6 fxg6 28. Be4 Qf6 29. f3 Rxa4 30. Kg2 Qg7 31. Qh3 Re8 32. Qg4 b3 33. a3 b2 34. Rh1 c2 35. Rxh7 Qxh7 0-1

[Event "BCF-chT4 0607 (4NCL)"]
[Site "Sunningdale"]
[Date "2007.03.25"]
[Round "8.102"]
[White "Lunn, Matthew"]
[Black "Carpenter, Dai"]
[Result "1/2-1/2"]
[WhiteElo "1865"]
[BlackElo "2030"]
[PlyCount "41"]
[EventDate "2006.09.16"]
[EventType "team"]
[EventRounds "11"]
[EventCountry "ENG"]
[SourceTitle "EXT 2008"]
[Source "ChessBase"]
[SourceDate "2007.11.25"]
[SourceVersion "1"]
[SourceVersionDate "2007.11.25"]
[SourceQuality "1"]
[WhiteTeam "W Collective II"]
[BlackTeam "King supp Pawn"]
[WhiteTeamCountry "ENG"]
[BlackTeamCountry "ENG"]

1. d4 g6 2. c4 Bg7 3. e4 d6 4. Nf3 Nd7 5. Nc3 e5 6. d5 Ne7 7. Bd3 0-0 8. 0-0 a5 9. Re1 f5 10. Ng5 Nf6 11. Qc2 f4 12. h4 h6 13. Nf3 Nh7 14. Be2 g5 15. hxg5 hxg5 16. Nh2 Nf6 17. g4 Ng6 18. f3 c6 19. Na4 Nh4 20. Qb3 cxd5 21. cxd5 1/2-1/2